000 01508pab a2200145 454500
008 180718b2002 xxu||||| |||| 00| 0 eng d
100 _aFlinders, Matthew
245 _aGovernance in White Hall
260 _c2002
300 _ap.51-75.
520 _aGovernance theory raises conceptual and theoretical questions about the co-ordination of complex social systems and the evolving role of the state within that process. A central aspect of the governance debate focuses on the ability of national governments to address salient social issues. This article examines the British Labour governments' attempts to facilitate cross-departmental inter-organizational collaboration within Whitehall in an attempt to develop innovative responses to seemingly intractable social problems. The government's desire and strategy to increase its capacity to orchestrate `joined-up' government can be interpreted as both an acceptance and a response to the challenges of modern governance. The article locates the structural, procedural and cultural responses to this challenge within the theoretical and analytical framework of governance theory. It concludes by suggesting that meaningful change in the way public policy is designed and implemented may well demand a more deep seated reappraisal of the structure of Whitehall and the dominant values of the British political elite than is currently anticipated. - Reproduced.
650 _aPublic administration
773 _aPublic Administration
909 _a52634
999 _c52634
_d52634